000 00633nam a2200217Ia 4500
005 20250923145407.0
008 008 250917s9999 xx 000 0 eng d
037 _aTextual
040 _aDSWL
_beng
_cDSWL
041 _aeng
_2eng
084 _aY33:7:7.251'N57<-, N55;1
_qDSWL
100 _aRao, V.K.R.V.
_9834845
245 0 _aGreater Delhi
_c by V.K.R.V. Rao
260 _aBombay
_bAsia Publishing House
_c1965
300 _axxxiii,479p.
365 _aINR
_b40 . 0
700 _a P.B. Desai
_9834846
925 _g40 . 0
942 _cTEXL
_hY33:7:7.251'N57<-, N55;1
999 _c1450838
_d1450838